| 000 | | | 03857nac2a22002653x 450 |
| 001 | | | 81d7fbe4-62e1-437c-a971-06929fe0a5b3 |
| 005 | | | 20220204121240.0 |
| 100 | ## | $a | 20211219l19261926k y0rusy50 ca |
| 101 | 0# | $a | rus |
| 102 | ## | $a | RU |
| 105 | ## | $a | y z ||||| |
| 122 | 2# | $a | d19260209 |
| | $a | d19260313 |
| 200 | 1# | $a | О присылке Музеем Революции протоколов, плана работ и т. п. материалов |
| | $j | 09.02.1926 - 13.03.1926 |
| 215 | ## | $a | 61 лист |
| 251 | ## | $c | Дело |
| 300 | ## | $a | Лист: 58 - выпадает |
| 300 | ## | $a | Машинописный и рукописный текст |
| 324 | ## | $a | В деле имеются копии отдельных документов |
| 461 | #0 | $1 | 001796d4672-8a00-4986-b488-6e42273792cc |
| | $1 | 2001 |
| | $a | ЦЕНТРАЛЬНЫЙ ИСПОЛНИТЕЛЬНЫЙ КОМИТЕТ СССР (ЦИК СССР) |
| | $1 | 251 |
| | $c | Фонд |
| | $1 | 852 |
| | $j | 3316 |
| | $g | Р |
| 462 | #0 | $1 | 001e365b2fb-f374-4764-a068-dc9012f0aaee |
| | $1 | 2001 |
| | $a | Дела Секретариата Президиума ЦИК Союза ССР за 1926 г. |
| | $v | Д. 64 |
| | $1 | 251 |
| | $c | Опись |
| | $1 | 852 |
| | $j | 19 |
| 601 | 02 | $3 | RU\NLR\AUTH\8810067276 |
| | $a | Музей революции СССР |
| | $c | Москва |
| 601 | 01 | $3 | RU\NLR\AUTH\880357276 |
| | $a | СССР |
| | $b | ЦИК |
| 801 | #0 | $a | RU |
| | $b | GA_RF |
| 801 | #1 | $a | RU |
| | $b | ГлавНИВЦ |
| | $c | 20211219 |
| | $2 | rusmarc |
| 801 | #2 | $a | RU |
| | $b | ПБ им. Б.Н. Ельцина |
| | $c | 20220204 |
| | $g | RCR |
| | $2 | rusmarc |
| 852 | ## | $a | ГА РФ |
| | $j | 64 |
| 937 | ## | $d | 173863152 |
| | $h | ГАРФ |
| 035 | ## | $a | RuPRLIB51066196 |
| 856 | ## | $u | http://readingroom.main.prlib.ru/item.aspx?id_node=n173863152&mode=full |